000 00533nam a2200193 a 4500
001 1769080477810
003 YourLibrary
005 20260123163855.0
008 260122s2000##################000#0#eng##
020 _a9780521774307
082 0 4 _a303.64
_bPAR
100 1 _aParsa, Misagh,
_eauthor.
245 1 0 _aStates, Ideologies, and Social Revolutions :
260 _bCambridge University Press,
_c2000.
300 _a340 pages
650 0 _aBusiness & Economics.
942 _cENGLISH
040 _aYourLibrary
_beng
_cYourLibrary
999 _c609010
_d609010